LEADER 01458nas a2200253 i 4500 001 000000247524 003 CaOOAMICUS 005 20160209000000.0 008 160119b2015 be uu u0 0mul r 013 $a226429 040 $aSeMil$bita 245 10$a[2015 : Juill.-Déc. = Juli-Dec.] /$cConseil International = International Board C.P.M. Burger ... [et al.] ; Comité de Rédaction = Redactiecomité J.-M. Auwers ... [et al.] ; Comité de Direction = Kernredactie M. Lamberigts ... [et al.]. 260 $aLouvain-la-Neuve = Leuven :$bBureaux de la RHE,$c2015. 300 $aP. [587]-1186 ;$c25 cm. 500 $aArticoli con sintesi in francese [Résumé], in inglese [Summary], in italiano [Riassunto], in spagnolo [Resumen] o in tedesco [Zusammenfassung] in coda. - Titolo e formulazioni di responsabilità dalla copertina. 700 1 $aLamberigts, Mathijs,$d<1955- >.$0(OLS)http://semarc/name/13098 700 1 $aAuwers, Jean-Marie,$d<1958- >.$0(OLS)http://semarc/name/26329 700 1 $aBurger, C.P.M.$0(OLS)http://semarc/name/66682 710 2 $aFondation Universitaire de Belgique.$0(OLS)http://semarc/name/7297 850 $aSeMil 852 $aSeMil$W1$xVenegono$y1$m24 4 60$j197870$B197870$CSeMilBibl$Z2$F209339 $85 961 $aCambio: Scuola Cattolica 996 $6245$a[2015 : Juill.-Déc. = Juli-Dec.]$9(OLS)http://semarc/title/409836 996 $6260$aLouvain-la-Neuve = Leuven :$bBureaux de la RHE$9(OLS)http://semarc/publisher/44241 LEADER 01215nam a2200241 i 4500 001 000000064182 003 CaOOAMICUS 005 20130403000000.0 008 130403s1970 xx u000 u fre u 013 $a35354 040 $aSeMil$bita 245 12$aL'Apostolat des Laics :$bDécret "Apostolicam actuositatem". Texte latin traduction française /$cpar Streiff ; commentaires par A. Glorieux ... [et al.] ; sous la direction de Y. Congar. 300 $a311 p. 490 0 $aUnam Sanctam ;$v75 650 4$aConcilio Vaticano II <1962-1965> - Decreti . Apostolicam Actuositatem.$0(OLS)http://semarc/subject/8383 700 1 $aStreiff, Jean.$0(OLS)http://semarc/name/31237 700 1 $aGlorieux, Achille.$0(OLS)http://semarc/name/32395 700 1 $aCongar, Yves,$c.$0(OLS)http://semarc/name/3722 773 0 $tVatican 2..$dParis : Les Éditions du Cerf, 1965.$kUnam Sanctam$w()28304 830 0$aUnam Sanctam ;$v75.$0(OLS)http://semarc/title/431 850 $aSeMil 852 $aSeMil$W1$xVenegono$y1$m2M I 185$j30335$B30335$CSeMilBibl$Z2$F30338 $81 996 $6245$aL'Apostolat des Laics :$bDécret "Apostolicam actuositatem". Texte latin traduction française$9(OLS)http://semarc/title/101524